000 005290000a22001810004500
003 MACL
005 20160304134432.0
008 160304b xxu||||| |||| 00| 0 eng d
040 _aMACL
_cMACL
041 _aHindi
082 _a891.432
100 _aप्रेमचन्‍द्र श्रीवास्‍तव
_942641
245 _aधर्म चक्र
260 _bआशा साहित्‍य सदन
_aजबलपुर
350 _a1
650 _aDrama
_942642
942 _cHIN
_k891.432
_2ddc
999 _c24708
_d24708